Encuesta continua de empleo: métodos y procedimientos /
Salvato in:
| Ente Autore: | |
|---|---|
| Natura: | testo |
| Pubblicazione: |
Costa Rica:
INEC
|
| Tags: |
Aggiungi Tag
Nessun Tag, puoi essere il primo ad aggiungerne!!
|
MARC
| LEADER | 00000 a a2200000 04500 | ||
|---|---|---|---|
| 001 | 47901 | ||
| 003 | |||
| 040 | |||
| 020 | |a 978-9968-683-81-4 | ||
| 090 | |a 1003 I59e | ||
| 110 | |a Instituto Nacional de Estadística y Censos (Costa Rica) | ||
| 245 | |a Encuesta continua de empleo: |b métodos y procedimientos / |c Instituto Nacional de Estadística y Censos | ||
| 260 | |a Costa Rica: |b INEC | ||
| 300 | |a 75 páginas | ||
| 999 | |c 15725 |d 15725 | ||



